<?xml version="1.0" encoding="UTF-8"?>
<record
    xmlns:xsi="http://www.w3.org/2001/XMLSchema-instance"
    xsi:schemaLocation="http://www.loc.gov/MARC21/slim http://www.loc.gov/standards/marcxml/schema/MARC21slim.xsd"
    xmlns="http://www.loc.gov/MARC21/slim">

  <leader>00811nam a2200193   4500</leader>
  <controlfield tag="001">130080</controlfield>
  <controlfield tag="003">ES-MaACL</controlfield>
  <controlfield tag="005">20230906193633.0</controlfield>
  <controlfield tag="007">t|</controlfield>
  <controlfield tag="008">180707s1972    sp a         |||| | spa d</controlfield>
  <datafield tag="080" ind1=" " ind2=" ">
    <subfield code="a">061.62(464.1 M.)Patr. Jos&#xE9; M. Quadrado</subfield>
  </datafield>
  <datafield tag="080" ind1=" " ind2=" ">
    <subfield code="a">061.236.3(46)(04)</subfield>
  </datafield>
  <datafield tag="110" ind1="2" ind2=" ">
    <subfield code="a">Patronato Jos&#xE9; Mar&#xED;a Quadrado. </subfield>
    <subfield code="b">Pleno (</subfield>
    <subfield code="d">1971. </subfield>
    <subfield code="c">San Sebasti&#xE1;n)</subfield>
    <subfield code="9">6184</subfield>
  </datafield>
  <datafield tag="245" ind1="1" ind2="4">
    <subfield code="a">Las Reales Sociedades Econ&#xF3;micas de Amigos del Pa&#xED;s y su obra </subfield>
    <subfield code="b">: comunicaciones presentadas en el Pleno de la Asamblea celebrado en San Sebasti&#xE1;n los d&#xED;as 9 al 11 de diciembre de 1971.</subfield>
  </datafield>
  <datafield tag="260" ind1=" " ind2=" ">
    <subfield code="a">San Sebasti&#xE1;n : </subfield>
    <subfield code="b">Patronato Jos&#xE9; Mar&#xED;a Quadrado, </subfield>
    <subfield code="c">1972.</subfield>
  </datafield>
  <datafield tag="300" ind1=" " ind2=" ">
    <subfield code="a">480 p : </subfield>
    <subfield code="b">grab. ; </subfield>
    <subfield code="c">24 cm.</subfield>
  </datafield>
  <datafield tag="650" ind1="1" ind2="4">
    <subfield code="a">Sociedades econ&#xF3;micas de amigos del pa&#xED;s-</subfield>
    <subfield code="z">Espa&#xF1;a.</subfield>
    <subfield code="9">147802</subfield>
  </datafield>
  <datafield tag="852" ind1=" " ind2=" ">
    <subfield code="a">ES-MaACL</subfield>
    <subfield code="j">C-49243</subfield>
  </datafield>
  <datafield tag="999" ind1=" " ind2=" ">
    <subfield code="c">130080</subfield>
    <subfield code="d">130080</subfield>
  </datafield>
  <datafield tag="952" ind1=" " ind2=" ">
    <subfield code="0">0</subfield>
    <subfield code="1">0</subfield>
    <subfield code="4">0</subfield>
    <subfield code="7">0</subfield>
    <subfield code="a">ATENEOM</subfield>
    <subfield code="b">ATENEOM</subfield>
    <subfield code="c">DEPO2</subfield>
    <subfield code="d">2008-01-17</subfield>
    <subfield code="e">SC</subfield>
    <subfield code="l">0</subfield>
    <subfield code="o">C-49243</subfield>
    <subfield code="p">1135447</subfield>
    <subfield code="r">2023-02-23 00:00:00</subfield>
    <subfield code="w">2023-02-23</subfield>
    <subfield code="y">MONOGRAFIA</subfield>
  </datafield>
</record>
